Word Ladder: 4-Letter Pokémon (Gen 1) Quiz Stats

Quiz Updated Jul 15, 2016

Challenge
Share
Tweet
Embed
Score 0/10 Timer 02:00
1 Play Today
Clue 4-Letter Word % Correct
Swedish supergroup who sang 'Dancing Queen'ABBA
94.2%
'Fantastic Four' actress JessicaALBA
91%
Pokémon that evolves into Kadabra OR a string that can precede -cadabraABRA
87.4%
A computer's 'Brain': Central Processing ___UNIT
73.4%
A small thin openingSLIT
70%
Pokémon that evolves into Steelix OR a homophone for a black stoneONIX
64.9%
An agitated state or grumpy moodSNIT
61.6%
Computer OS designed at Bell Labs in 1969UNIX
60.9%
'Et ___': Latin for 'and others'ALIA
55.7%
Got down off of a horseALIT
55.1%

Today's Daily Dose

Missing Word
Law Misconceptions

Word Ladder
Easy Math

On This Day
January 20th

You're not logged in!

Compare scores with friends on all Sporcle quizzes.
Sign Up with Email
OR
Log In

You Might Also Like...

Show Comments

Extras

Top Quizzes Today


Score Distribution

Your Account Isn't Verified!

In order to create a playlist on Sporcle, you need to verify the email address you used during registration. Go to your Sporcle Settings to finish the process.